MARC details
| 000 -LEADER |
| fixed length control field |
05473nam a22007455i 4500 |
| 005 - DATE AND TIME OF LATEST TRANSACTION |
| control field |
20230718140305.0 |
| 006 - FIXED-LENGTH DATA ELEMENTS--ADDITIONAL MATERIAL CHARACTERISTICS |
| fixed length control field |
m|||||o||d|||||||| |
| 007 - PHYSICAL DESCRIPTION FIXED FIELD--GENERAL INFORMATION |
| fixed length control field |
cr || |||||||| |
| 008 - FIXED-LENGTH DATA ELEMENTS--GENERAL INFORMATION |
| fixed length control field |
220629t20192019gw fo d z ger d |
| 010 ## - LIBRARY OF CONGRESS CONTROL NUMBER |
| LC control number |
2019435513 |
| 020 ## - INTERNATIONAL STANDARD BOOK NUMBER |
| International Standard Book Number |
9783839448427 |
| 040 ## - CATALOGING SOURCE |
| Original cataloging agency |
DE-B1597 |
| Language of cataloging |
eng |
| Transcribing agency |
DE-B1597 |
| Description conventions |
rda |
| 041 0# - LANGUAGE CODE |
| Language code of text/sound track or separate title |
ger |
| 050 00 - LIBRARY OF CONGRESS CALL NUMBER |
| Classification number |
HX806 |
| Item number |
.M23 2019 |
| 100 1# - MAIN ENTRY--PERSONAL NAME |
| Personal name |
Maahs, Ina-Maria, |
| Relator term |
author. |
| Relator code |
aut |
| -- |
http://id.loc.gov/vocabulary/relators/aut |
| 245 10 - TITLE STATEMENT |
| Title |
Utopie und Politik : |
| Remainder of title |
Potenziale kreativer Politikgestaltung / |
| Statement of responsibility, etc. |
Ina-Maria Maahs. |
| 264 #1 - PRODUCTION, PUBLICATION, DISTRIBUTION, MANUFACTURE, AND COPYRIGHT NOTICE |
| Place of production, publication, distribution, manufacture |
Bielefeld : |
| Name of producer, publisher, distributor, manufacturer |
transcript Verlag, |
| Date of production, publication, distribution, manufacture, or copyright notice |
[2019] |
| 264 #4 - PRODUCTION, PUBLICATION, DISTRIBUTION, MANUFACTURE, AND COPYRIGHT NOTICE |
| Date of production, publication, distribution, manufacture, or copyright notice |
©2019 |
| 300 ## - PHYSICAL DESCRIPTION |
| Extent |
1 online resource (484 p.) |
| 336 ## - CONTENT TYPE |
| Content type term |
text |
| Content type code |
txt |
| Source |
rdacontent |
| 337 ## - MEDIA TYPE |
| Media type term |
computer |
| Media type code |
c |
| Source |
rdamedia |
| 338 ## - CARRIER TYPE |
| Carrier type term |
online resource |
| Carrier type code |
cr |
| Source |
rdacarrier |
| 347 ## - DIGITAL FILE CHARACTERISTICS |
| File type |
text file |
| Encoding format |
PDF |
| Source |
rda |
| 490 0# - SERIES STATEMENT |
| Series statement |
Edition Politik ; |
| Volume/sequential designation |
81 |
| 505 00 - FORMATTED CONTENTS NOTE |
| Title |
Frontmatter -- |
| -- |
Inhalt -- |
| -- |
Dank -- |
| -- |
1 EinfĂŒhrung -- |
| -- |
2 Vom Tod und Leben der Utopie -- |
| -- |
2.1 Politische Problemlage -- |
| -- |
2.2 Aktueller wissenschaftlicher Diskurs -- |
| -- |
2.3 Forschungsdesign und Methodik -- |
| -- |
2.4 Theoretisches Fundament -- |
| -- |
3 Utopie als Produkt menschlicher KreativitÀt - ein Kunstwerk -- |
| -- |
3.1 Das utopische Kunstwerk: Eine Begriffsbestimmung -- |
| -- |
3.2 KreativitÀt und Utopie -- |
| -- |
3.3 Erfahrung als determinierender Faktor der Utopie -- |
| -- |
3.4 Das utopische Kunstwerk in seiner literarischen Tradition -- |
| -- |
3.5 Das gelebte Kunstwerk in der utopischen Tradition: Exemplifizierungen -- |
| -- |
3.6 UnvollstÀndige Kunstwerke: Utopische Skizzen und Scheinutopien -- |
| -- |
4 Utopien heute - eine Analyse gesellschaftspolitischer Alternativmodelle zum Status quo -- |
| -- |
4.1 Utopische GesellschaftsentwĂŒrfe als literarische Werke nach 1990 -- |
| -- |
4.2 Gelebte Utopien der Gegenwart -- |
| -- |
4.3 Das VerhÀltnis zwischen gelebten und literarischen Utopien der Gegenwart -- |
| -- |
5 Utopisches Denken in der politischen Praxis der Gegenwart -- |
| -- |
5.1 Utopien in der heutigen Politik -- |
| -- |
5.2 Der politisch handelnde Mensch als Voraussetzung des utopischen Prozesses -- |
| -- |
5.3 Wider die Illusion der Alternativlosigkeit: Realpolitische Potenziale des Utopischen heute -- |
| -- |
6 Konklusion -- |
| -- |
7 Quellenverzeichnis -- |
| -- |
7.1 Literatur -- |
| -- |
7.2 Bildquellen -- |
| -- |
8 Anhang -- |
| -- |
8.1 Analyse der Reden aller Parteien im Bundestag 2006-2015 bezĂŒglich des Begriffs der Utopie -- |
| -- |
8.2 Online-Fragebogen: ,Gelebte Utopien heute' -- |
| -- |
8.3 Antworten auf die offenen Fragen der Online-Befragung -- |
| -- |
8.4 Deskriptive Analyse zu den geschlossenen Fragen der Online-Befragung -- |
| -- |
8.5 Interview-Leitfaden ,Gelebte Utopien heute' -- |
| -- |
8.6 Transkripte der Interviews ,Gelebte Utopien heute' |
| 506 0# - RESTRICTIONS ON ACCESS NOTE |
| Standardized terminology for access restriction |
unrestricted online access |
| Source of term |
star |
| 520 ## - SUMMARY, ETC. |
| Summary, etc. |
A precise analysis of political utopias in literature and practice shows not only the topicality of utopia, but also its potential for creative policy-making that is innovative, sustainable and oriented towards the common good. |
| 520 ## - SUMMARY, ETC. |
| Summary, etc. |
Das aktuelle realpolitische Agieren ist durch Alternativlosigkeit und eine bestĂ€ndige Fortsetzung des Status quo geprĂ€gt. WĂ€hrend sich die Gesellschaft technologisch und ökonomisch immer schneller entwickelt, fehlt es an Innovationen im politischen Bereich. Gleichzeitig finden politische Utopien als Medien von Zeitkritik und alternativen LösungsvorschlĂ€gen fĂŒr gesellschaftliche MissstĂ€nde in der politischen wie politikwissenschaftlichen Debatte wenig Beachtung. Ina-Maria Maahs zeigt jedoch: Utopisches Denken als Denken in Möglichkeiten existiert auch heute und offeriert bislang ungenutztes Potenzial fĂŒr eine kreative Politikgestaltung, die innovativ, nachhaltig und gemeinwohlorientiert ist. |
| 536 ## - FUNDING INFORMATION NOTE |
| Text of note |
funded by transcript: Open Library 2019 (Politik) |
| 538 ## - SYSTEM DETAILS NOTE |
| System details note |
Mode of access: Internet via World Wide Web. |
| 540 ## - TERMS GOVERNING USE AND REPRODUCTION NOTE |
| Terms governing use and reproduction |
This eBook is made available Open Access under a CC BY-ND 4.0 license: |
| Uniform Resource Identifier |
<a href="https://creativecommons.org/licenses/by-nd/4.0 ">https://creativecommons.org/licenses/by-nd/4.0 </a> |
| -- |
<a href="https://www.degruyter.com/dg/page/open-access-policy">https://www.degruyter.com/dg/page/open-access-policy</a> |
| 546 ## - LANGUAGE NOTE |
| Language note |
In German. |
| 588 0# - SOURCE OF DESCRIPTION NOTE |
| Source of description note |
Description based on online resource; title from PDF title page (publisher's Web site, viewed 29. Jun 2022) |
| 650 #0 - SUBJECT ADDED ENTRY--TOPICAL TERM |
| Topical term or geographic name entry element |
Political science |
| General subdivision |
Philosophy. |
| 650 #0 - SUBJECT ADDED ENTRY--TOPICAL TERM |
| Topical term or geographic name entry element |
Utopias. |
| 650 #4 - SUBJECT ADDED ENTRY--TOPICAL TERM |
| Topical term or geographic name entry element |
Gemeinwohl. |
| 650 #4 - SUBJECT ADDED ENTRY--TOPICAL TERM |
| Topical term or geographic name entry element |
Ideengeschichte. |
| 650 #4 - SUBJECT ADDED ENTRY--TOPICAL TERM |
| Topical term or geographic name entry element |
KreativitÀt. |
| 650 #4 - SUBJECT ADDED ENTRY--TOPICAL TERM |
| Topical term or geographic name entry element |
Nachhaltigkeit. |
| 650 #4 - SUBJECT ADDED ENTRY--TOPICAL TERM |
| Topical term or geographic name entry element |
Politik. |
| 650 #4 - SUBJECT ADDED ENTRY--TOPICAL TERM |
| Topical term or geographic name entry element |
Politikwissenschaft. |
| 650 #4 - SUBJECT ADDED ENTRY--TOPICAL TERM |
| Topical term or geographic name entry element |
Politische Ideologien. |
| 650 #4 - SUBJECT ADDED ENTRY--TOPICAL TERM |
| Topical term or geographic name entry element |
Politische Soziologie. |
| 650 #4 - SUBJECT ADDED ENTRY--TOPICAL TERM |
| Topical term or geographic name entry element |
Politische Theorie. |
| 650 #4 - SUBJECT ADDED ENTRY--TOPICAL TERM |
| Topical term or geographic name entry element |
Realpolitik. |
| 650 #4 - SUBJECT ADDED ENTRY--TOPICAL TERM |
| Topical term or geographic name entry element |
Zivilgesellschaft. |
| 650 #7 - SUBJECT ADDED ENTRY--TOPICAL TERM |
| Topical term or geographic name entry element |
POLITICAL SCIENCE / History & Theory. |
| Source of heading or term |
bisacsh |
| 653 ## - INDEX TERM--UNCONTROLLED |
| Uncontrolled term |
Civil Society. |
| 653 ## - INDEX TERM--UNCONTROLLED |
| Uncontrolled term |
Creativity. |
| 653 ## - INDEX TERM--UNCONTROLLED |
| Uncontrolled term |
History of Ideas. |
| 653 ## - INDEX TERM--UNCONTROLLED |
| Uncontrolled term |
In the Public Interest. |
| 653 ## - INDEX TERM--UNCONTROLLED |
| Uncontrolled term |
Political Ideologies. |
| 653 ## - INDEX TERM--UNCONTROLLED |
| Uncontrolled term |
Political Science. |
| 653 ## - INDEX TERM--UNCONTROLLED |
| Uncontrolled term |
Political Sociology. |
| 653 ## - INDEX TERM--UNCONTROLLED |
| Uncontrolled term |
Political Theory. |
| 653 ## - INDEX TERM--UNCONTROLLED |
| Uncontrolled term |
Politics. |
| 653 ## - INDEX TERM--UNCONTROLLED |
| Uncontrolled term |
Realpolitik. |
| 653 ## - INDEX TERM--UNCONTROLLED |
| Uncontrolled term |
Sustainability. |
| 710 2# - ADDED ENTRY--CORPORATE NAME |
| Corporate name or jurisdiction name as entry element |
transcript: Open Library 2019 (Politik) |
| Relator term |
funder. |
| Relator code |
fnd |
| -- |
http://id.loc.gov/vocabulary/relators/fnd |
| 776 0# - ADDITIONAL PHYSICAL FORM ENTRY |
| Qualifying information |
print |
| International Standard Book Number |
9783837648423 |
| 856 40 - ELECTRONIC LOCATION AND ACCESS |
| Uniform Resource Identifier |
<a href="https://doi.org/10.1515/9783839448427?locatt=mode:legacy">https://doi.org/10.1515/9783839448427?locatt=mode:legacy</a> |
| Public note |
Open Access |
| -- |
0 |
| 856 40 - ELECTRONIC LOCATION AND ACCESS |
| Uniform Resource Identifier |
<a href="https://www.degruyter.com/isbn/9783839448427">https://www.degruyter.com/isbn/9783839448427</a> |
| Public note |
Open Access |
| -- |
0 |
| 856 42 - ELECTRONIC LOCATION AND ACCESS |
| Materials specified |
Cover |
| Uniform Resource Identifier |
<a href="https://www.degruyter.com/document/cover/isbn/9783839448427/original">https://www.degruyter.com/document/cover/isbn/9783839448427/original</a> |
| 942 ## - ADDED ENTRY ELEMENTS (KOHA) |
| Koha item type |
E-Book |